| 000 | 00839nam a2200253 4500 | ||
|---|---|---|---|
| 003 | OSt | ||
| 005 | 20260601193528.0 | ||
| 008 | 260422b1979 sp |||| |||| 00| 0 spa d | ||
| 040 |
_aICI _bspa _cICI |
||
| 041 | _aspa | ||
| 050 |
_aAZ361 _bD373 |
||
| 100 | 1 |
_aDavenport, William Henry, _d1908-, _eautor _936109 |
|
| 245 | 1 |
_aUna sola cultura : _bla formación de tecnólogos humanistas / _cWilliam H. Davenport ; version castellana de Esteve Riambau I. Sauri |
|
| 264 |
_aBarcelona : _bGustavo Gili, _c1979 |
||
| 300 | _a187 páginas | ||
| 336 |
_atexto _2rdacontent |
||
| 337 |
_asin medio _2rdamedia |
||
| 338 |
_avolumen _2rdacarrier |
||
| 490 | 0 | _aColección Tecnología y sociedad | |
| 650 |
_aErudición _936110 |
||
| 650 |
_aCiencia y humanidades _936111 |
||
| 700 | 1 |
_aRiambau I. Sauri, Esteve, _etraductor _936112 |
|
| 942 |
_2lcc _cB |
||
| 999 |
_c21274 _d21274 |
||